Zmeny v štruktúre spotreby rezidentov Slovenska v cestovnom ruchu
Pohľad na zmeny v spotrebiteľskom správaní rezidentov Slovenska ako návštevníkov v cestovnom ruchu a porovnanie ich dopytu s rezidentmi V4 a EÚ v rokoch 2008 a 2015 ako dôsledok globálnej hospodárskej krízy. V čase krízy obyvateľstvo obmedzuje svoje výdavky na cestovanie do zahraničia, ale zúčastňuj...
Enregistré dans:
| Auteur principal: | |
|---|---|
| Autres auteurs: | |
| Format: | Chapitre de livre |
| Langue: | slovaque |
| Sujets: | |
| Tags: |
Pas de tags, Soyez le premier à ajouter un tag!
|
MARC
| LEADER | 00000naa a2200000 4500 | ||
|---|---|---|---|
| 001 | 0234801 | ||
| 005 | 20220805075449.9 | ||
| 041 | 0 | |a slo | |
| 044 | |a SK | ||
| 245 | 1 | 0 | |a Zmeny v štruktúre spotreby rezidentov Slovenska v cestovnom ruchu |c Marián Gúčik, Matúš Marciš |
| 520 | |a Pohľad na zmeny v spotrebiteľskom správaní rezidentov Slovenska ako návštevníkov v cestovnom ruchu a porovnanie ich dopytu s rezidentmi V4 a EÚ v rokoch 2008 a 2015 ako dôsledok globálnej hospodárskej krízy. V čase krízy obyvateľstvo obmedzuje svoje výdavky na cestovanie do zahraničia, ale zúčastňuje sa domáceho cestovného ruchu. Na prekonanie krízy je nevyhutnutné venovať sa dopytu, trendom a cene. | ||
| 610 | 2 | 0 | |a spotreba |
| 610 | 2 | 0 | |a kríza hospodárska |
| 610 | 2 | 0 | |a správanie spotrebiteľa |
| 610 | 2 | 0 | |a ruch cestovný domáci |
| 610 | 2 | 0 | |a ruch cestovný medzinárodný |
| 610 | 2 | 0 | |a Slovensko |
| 610 | 2 | 0 | |a Vyšehradská štvorka |
| 100 | 1 | |a Gúčik, Marián | |
| 700 | 1 | |a Marciš, Matúš | |